000 00726nam a2200253 a 4500
001 71213
003 BD-RjUL
005 20211209082105.0
008 170429s1983 njua 001 0 eng d
020 _a0130498092
020 _a0130497916 (pbk.) :
035 _a(BD-RjUL)71428
040 _aDLC
_cDLC
_dDLC
_dBD-RjUL
_beng
041 _aeng
082 0 0 _a005.13
_223
_bHAA 1983
100 1 _aHaskell, Richard E.
_9210689
245 1 0 _aATARI BASIC /
_cRichard Haskell.
260 _aEnglewood Cliffs, NJ :
_bPrentice Hall,
_cc1983.
300 _a175 p. :
_bill. ;
_c29 cm.
500 _aIncludes index.
650 0 _aComputer program language
_9210690
650 0 _aAtari computer
_xProgramming.
_9210691
942 _2ddc
_cBK
999 _c71213
_d71213